Local authority property management : initiatives, strategies, re-organisation and reform. (Record no. 100200)

MARC details
000 -LEADER
fixed length control field 00980cam a2200253 4500
008 - FIXED-LENGTH DATA ELEMENTS--GENERAL INFORMATION
fixed length control field 000000n1999 000 0 eng u
020 ## - INTERNATIONAL STANDARD BOOK NUMBER
International Standard Book Number 1840148349
035 ## - SYSTEM CONTROL NUMBER
System control number (Sirsi) u104043
050 ## - LIBRARY OF CONGRESS CALL NUMBER
Classification number 352.5
100 ## - MAIN ENTRY--PERSONAL NAME
Personal name Deakin, Mark
-- editor
245 ## - TITLE STATEMENT
Title Local authority property management : initiatives, strategies, re-organisation and reform.
260 ## - PUBLICATION, DISTRIBUTION, ETC.
Place of publication, distribution, etc. Aldershot, Hants
Name of publisher, distributor, etc. Ashgate Publishing
Date of publication, distribution, etc. 1999
300 ## - PHYSICAL DESCRIPTION
Extent xiv, 322p. ; 23cm.
350 ## - PRICE (NR) (BK AM CF MU VM SE) [OBSOLETE]
Price 42.50
520 ## - SUMMARY, ETC.
Summary, etc. This collection of articles focuses on post-Audit Commission developments in local authority property management. Initiatives and strategies for better standards of property management are examined along with the pressure to rationalize in response to local government reform.
650 ## - SUBJECT ADDED ENTRY--TOPICAL TERM
Topical term or geographic name entry element LOCAL AUTHORITIES
650 ## - SUBJECT ADDED ENTRY--TOPICAL TERM
Topical term or geographic name entry element VALUATIONS
650 ## - SUBJECT ADDED ENTRY--TOPICAL TERM
Topical term or geographic name entry element AUDITS
650 ## - SUBJECT ADDED ENTRY--TOPICAL TERM
Topical term or geographic name entry element MANAGEMENT
650 ## - SUBJECT ADDED ENTRY--TOPICAL TERM
Topical term or geographic name entry element PUBLIC FINANCE
650 ## - SUBJECT ADDED ENTRY--TOPICAL TERM
Topical term or geographic name entry element LOCAL GOVERNMENT
690 ## - LOCAL SUBJECT ADDED ENTRY--TOPICAL TERM (OCLC, RLIN)
Topical term or geographic name as entry element PROPERTY MANAGEMENT
9 (RLIN) 6262
942 ## - ADDED ENTRY ELEMENTS (KOHA)
Suppress in OPAC 0
Holdings
Withdrawn status Lost status Source of classification or shelving scheme Damaged status Not for loan Home library Current library Shelving location Date acquired Cost, normal purchase price Total Checkouts Full call number Barcode Date last seen Date last checked out Copy number Cost, replacement price Price effective from Koha item type
    Dewey Decimal Classification     London London Books 02/03/2000 42.50 37 352.5 DEA 30060717 06/08/2019 23/05/2008 1 42.50 06/08/2019 Book